1246 1520 1548 1434 1132 1481 1054 1432 1083 1688 1285 1422 1578 1118 1510 1618 1003 1037 1742 1416 1392 1317 1513 1747 1950 1931 1667 1556 1133 1709 1079 1400 1464 1634 1910 1080 1946 1749 1146 1055 1930 1330 1337 1842 1560 1114 1877 1723 1952 1547 1405 1163 1024 1810 1407 1266 1851 1934 1482 1658 1325 1682 1286 1542 1760 1098 1716 1516 1173 1911 1191 1918 1774 1229 1625 1297 1659 1151 1383 1183 1784 1308 1543 1240 1150 1297 1327 1383 1064 1356 1499 1640 1633 1103 1485 1159 1568 1768 1291 BCNSPRNW ULIB Ver.6.0+V

เปลี่ยนเป็นภาษาไทย

Change to English
 แสดงรายละเอียดบรรณานุกรม
  กลับหน้าหลัก

Brief Record : Get Marc (ISO 2709) : E-mail record : QR code < ปิดหน้าต่าง
LEADER : 00000nam 2200000uu 4500
001    13399125951
003     ULIB
008    171121s||||||||th 000 0 tha d
020    ^a9786162402579
050 04 ^aนว.^bอ-ต
100 0  ^aอลิลศรา
245 10 ^aตรวนปราถนา /^cอลิลศรา
260    ^aกรุงเทพฯ :^bจัสมิน บุ๊ค
300    ^a304 หน้า ;^c17 ซม.
945    ^p0^l0^i003391
999    ^aประนอม เกษจรัล
รายการนี้ยังไม่มีแท็ก
คุณยังไม่ได้ล็อกอิน คุณสามารถมีกิจกรรมร่วมกับเว็บไซต์ได้ แต่ต้องล็อกอินก่อน ::
  ล็อกอิน

รายการสื่อสารสนเทศ

ลำดับที่ ประเภท เลขเรียก/บาร์โค้ด สถานที่ สถานะ
1. วิทยาศาสตร์การแพทย์ และสุขภาพ
วิทยาศาสตร์การแพทย์ และสุขภาพ
นว. อ-ต ฉ.1 
  Barcode: 003391
ห้องสมุดวิทยาเขตสวรรค์ประชารักษ์
►นวนิยาย
บนชั้น
  ขอยืม

รายการใกล้เคียง
    ผู้แต่ง [อลิลศรา]

BibComment


ยังไม่เคยถูกคอมเมนท์

คอมเมนท์ทรัพยากรรายการนี้
  คอมเมนท์: ตรวนปราถนา อลิล..


 Copyright 2026. Bcnsprnw @Library